Bytový dom

Salvato in:
Dettagli Bibliografici
Autore principale: Šurinčík, Martin (Autore)
Altri autori: Bosák, Lukáš (Relatore della tesi)
Natura: Manoscritto Libro
Lingua:slovacco
Pubblicazione: 2025
Soggetti:
Accesso online:http://is.stuba.sk/zp/portal_zp.pl?podrobnosti=167900
CRZP
Tags: Aggiungi Tag
Nessun Tag, puoi essere il primo ad aggiungerne!!

MARC

LEADER 00000ntm a22000003a 4500
001 stuzp104514
003 SK-STU
005 20250728143244.6
007 ta
008 150427s2015----xo-----f-mn---000-0-slo-d
040 |a STU  |b slo 
041 0 |a slo 
100 1 |a Šurinčík, Martin  |u 010180  |4 aut  |U SvF Stavebná fakulta  |T SvF Katedra konštrukcií pozemných stavieb  |X 115262  |U V180  |Y 18  |7 115262 
242 0 1 |a Residential building  |y eng 
245 1 0 |a Bytový dom 
260 |c 2025 
650 4 |a novostavba  |2 slo 
650 4 |a bytový dom  |2 slo 
650 4 |a polyfunkcia  |2 slo 
650 4 |a realizačný projekt  |2 slo 
650 4 |a železobetónový nosný systém  |2 slo 
650 4 |a ETICS  |2 slo 
650 4 |a new building  |2 eng 
650 4 |a residential building  |2 eng 
650 4 |a mixed-use  |2 eng 
650 4 |a construction documentation  |2 eng 
650 4 |a reinforced concrete structure  |2 eng 
650 4 |a ETICS  |2 eng 
700 1 |a Bosák, Lukáš  |u 010180  |k Z1  |4 ths  |U SvF Stavebná fakulta  |T SvF Katedra konštrukcií pozemných stavieb  |X 57762  |U V180  |Y 18  |7 A000057762 
856 4 |u http://is.stuba.sk/zp/portal_zp.pl?podrobnosti=167900 
856 4 |u https://opac.crzp.sk/?fn=detailBiblioForm&sid=4013D2F8FE5692F45DCE2E4F6B33  |z CRZP